Countries That Contain U.S.A. - Statistics

General Stats
  • This quiz has been taken 22 times
  • The average score is 11 of 20
Answer Stats
Country % Correct
United States
89%
Australia
74%
Russia
68%
Austria
63%
Belarus
63%
South Africa
63%
Suriname
63%
Saint Lucia
58%
Turkmenistan
58%
United Arab Emirates
58%
Uzbekistan
58%
Honduras
47%
Burkina Faso
42%
Mauritius
42%
Saudi Arabia
42%
South Korea
42%
South Sudan
42%
Sudan
42%
Tunisia
37%
Guinea-Bissau
32%
No matching quizzes found
Score Distribution
Percent of People with Each Score
Percentile by Number Answered
Your Score History
You have not taken this quiz